000 00343nam a22001457a 4500
003 OSt
008 251027b |||||||| |||| 00| 0 eng d
020 _a9789334322439
082 _a370.954092 JOG
100 _aJOHAR,KL
245 _aGreat Educationists of India
260 _aNoida
_bSneh Prakashan
_c2025
300 _a267
942 _2ddc
_cBK
999 _c13750
_d13750